000 00866nas a2200301 4500
001 BR2013004282
003 BR-BrBNA
005 20231205122418.0
007 ta
008 230509b bl.|||p| |||| 00| 00por d
040 _aBR-BrBNA
_bpor
_cBiblioteca Nacional de Agricultura
041 _a(Pt)
072 _aE70
100 1 _aSantos, E. dos
100 1 _aWolff, L.
100 1 _aSouza, A.M.
245 1 _aTransmissão e a influência do volume dos estoques públicos sobre o preço do arroz no Brasil
650 _aARROZ
650 _aESTOQUE
650 _aPREÇO
650 _aMÉTODO
650 _aRIO GRANDE DO SUL
650 _aMATO GROSSO
650 _aSANTA CATARINA
773 0 _tCiência Rural (Brazil)
_xISSN 0103-8478
_g(Mar 2013), v. 43(3) p. 559-564
_wBR2013004282
909 _a202311
_bLúcia
_c55
_dLúcia Elande
942 _2AGRIS
_n0
_cANA
999 _c228519
_d228519